|
|
|
|
| LEADER |
00912cam a2200241 7i4500 |
| 001 |
0000078059 |
| 005 |
20230531090000.0 |
| 020 |
|
|
|a 9781003321484 (electronic book)
|
| 090 |
0 |
0 |
|a PS3515.E37
|b C43 2023
|
| 100 |
1 |
|
|a Chakravertty, Tania
|
| 245 |
1 |
0 |
|a Ernest Hemingway and the fluidity of gender :
|b a socio-cultural analysis of selected works
|c Tania Chakravertty.
|
| 264 |
|
|
|a New York, NY:
|b Routledge,
|c 2023.
|
| 300 |
|
|
|a 1 online resource (200 pages):
|b text file, PDF.
|
| 336 |
|
|
|a text
|2 rdacontent
|
| 337 |
|
|
|a computer
|2 rdamedia
|
| 338 |
|
|
|a online resource
|2 rdacarrier
|
| 490 |
0 |
|
|a Routledge studies in twentieth-century literature
|
| 600 |
1 |
0 |
|a Hemingway, Ernest,
|d 1899-1961
|
| 650 |
|
0 |
|a Sex role in literature
|
| 650 |
|
0 |
|a Women in literature
|
| 655 |
|
0 |
|a Electronic books
|
| 856 |
4 |
2 |
|u http://library.unisel.edu.my/web/guest/mylibrary
|
| 999 |
|
|
|a EBO0016873
|b EBOOK
|c EBOOK
|e Electronic resources
|